• 首页
  • 本馆介绍
  • 公告通知
  • 最新文献
  • 馆藏检索
  • 电子资源
  • 读者导购
  • 参考咨询
  • 我的图书馆
  • 登录
  • 详细信息显示
  • 放入我的书架
  • 预约/预借图书
  • 作者相关作品
  • 分类相关作品
  • 丛书相关作品
  • 出版社相关作品

书目信息

  • 表格格式
  • 工作单格式
  • 卡片格式
题名:
电解加工技术及其研究方法
    
 
作者: 范植坚 , 王天诚 编著
分册:  
出版信息: 北京   国防工业出版社  2004
页数: 14,220页
开本: 20cm
丛书名:
单 册:
中图分类: TG662
科图分类:
主题词: 电解加工
电子资源:
ISBN: 7-118-03571-8
000 00769nam0 2200229 450
001 002807844
005 20061105145030.65
010    @a7-118-03571-8@dCNY16.00
100    @a20050205d2004 em y0chiy0110 ea
101 0  @achi
102    @aCN@b110000
105    @ay z 000yy
200 1  @a电解加工技术及其研究方法@9dian jie jia gong ji shu ji qi yan jiu fang fa@f范植坚,王天诚编著
210    @a北京@c国防工业出版社@d2004
215    @a14,220页@d20cm
330    @a本书介绍了电解加工的电化学原理,以及深孔和膛线电解加工及计算机控制、异形深孔和键槽电解加工技术、磁场复合电解加工等。
606 0  @a电解加工
690    @aTG662@v4
701  0 @a范植坚@9fan zhi jian@4编著
701  0 @a王天诚@9wang tian cheng@4编著
801  0 @aCN@bNLC@c20061105
905    @a10447@dTG662@e6
    
    电解加工技术及其研究方法/范植坚,王天诚编著.-北京:国防工业出版社,2004
    14,220页;20cm
    
    
    ISBN 7-118-03571-8:CNY16.00
    本书介绍了电解加工的电化学原理,以及深孔和膛线电解加工及计算机控制、异形深孔和键槽电解加工技术、磁场复合电解加工等。
●
相关链接 在E读中查询图书 在五车中查询图书 在当当中查询图书 在豆瓣中查询图书


正题名:电解加工技术及其研究方法     索取号:TG662/6         预约/预借

序号 登录号 条形码 馆藏地/架位号 状态 备注
1 0381989   203819895   第二样本阅览室/ [索取号:TG662/6] 在馆    
2 0381990   203819902   第三借阅区/ [索取号:TG662/6] 在馆    
3 0381991   203819911   第三借阅区/ [索取号:TG662/6] 在馆    
4 0381992   203819920   第三借阅区/ [索取号:TG662/6] 在馆    
5 0381993   203819939   第三借阅区/ [索取号:TG662/6] 在馆    
唐山师范学院图书馆 欢迎您!
大连网信软件有限公司© 版权所有